[Event "Ufa Startsev Memorial Rapid"]
[Site "Ufa"]
[Date "2024.02.04"]
[Round "4"]
[White "Pingin, Artem"]
[Black "Kezin, Roman"]
[Result "0-1"]
[WhiteElo "2423"]
[BlackElo "2486"]
[PlyCount "134"]
[EventDate "2024.02.04"]
[EventType "swiss (rapid)"]
[EventRounds "11"]
[EventCountry "RUS"]
[SourceTitle "CB07_2024"]
[SourceDate "2024.02.14"]
[SourceVersion "1"]
[SourceVersionDate "2024.02.14"]
[SourceQuality "1"]

1. e4 c5 2. Nf3 e6 3. d4 cxd4 4. Nxd4 Nc6 5. Nc3 Qc7 6. Be3 a6 7. Qf3 Nf6 8. 0-0-0 Ne5 9. Qg3 b5 10. f4 Neg4 11. Bg1 b4 12. Na4 h5 13. e5 Ne4 14. Qe1 Bb7 15. Nb3 f5 16. h3 Nh6 17. Nb6 Rd8 18. Kb1 Be7 19. Nc4 Qb8 20. Be2 h4 21. Bb6 Rc8 22. Bf2 Nf7 23. Rg1 Bd5 24. Nb6 Bxb3 25. cxb3 Nxf2 26. Nxc8 Nxd1 27. Nxe7 Ne3 28. Qd2 Kxe7 29. Qxe3 Qb7 30. Bf3 Qb5 31. Rc1 g5 32. fxg5 Qxe5 33. Qb6 Qd6 34. Qe3 Rg8 35. Rd1 Qc7 36. Qd4 Nxg5 37. Qxb4+ d6 38. Rc1 Qb8 39. Qxh4 Kf6 40. Rc6 Qb5 41. Rxd6 Qc5 42. Qh6+ Ke5 43. Rd1 Nxf3 44. gxf3 Rg1 45. f4+ Ke4 46. Qxe6+ Kxf4 47. Rxg1 Qxg1+ 48. Kc2 Qf2+ 49. Kd3 Qf3+ 50. Kd2 Qf2+ 51. Qe2 Qd4+ 52. Kc2 Kg3 53. Qxa6 f4 54. Qg6+ Kh2 55. Qg4 Qf2+ 56. Kd3 Qe3+ 57. Kc4 f3 58. Kb4 f2 59. Qf5 Qe1+ 60. Ka4 f1Q 61. Qxf1 Qxf1 62. b4 Qa6+ 63. Kb3 Kxh3 64. a4 Qd3+ 65. Ka2 Kg4 66. b5 Kf4 67. b3 Ke5 0-1

[Event "Ufa Startsev Memorial Blitz"]
[Site "Ufa"]
[Date "2024.02.03"]
[Round "1"]
[White "Kezin, Roman"]
[Black "Kunakkuzin, Rinat"]
[Result "1-0"]
[WhiteElo "2486"]
[BlackElo "1912"]
[PlyCount "65"]
[EventDate "2024.02.03"]
[EventType "swiss (blitz)"]
[EventRounds "13"]
[EventCountry "RUS"]
[SourceTitle "CB07_2024"]
[SourceDate "2024.02.14"]
[SourceVersion "1"]
[SourceVersionDate "2024.02.14"]
[SourceQuality "1"]

1. d4 Nf6 2. c4 c6 3. Nc3 d5 4. e3 a6 5. Qc2 g6 6. Bd3 Bg7 7. Nf3 0-0 8. 0-0 b5 9. b3 Nbd7 10. e4 dxe4 11. Nxe4 Bb7 12. c5 Nd5 13. a3 N7f6 14. Re1 Qc7 15. Bg5 h6 16. Bh4 Rad8 17. Bg3 Qd7 18. Ne5 Qe8 19. Rad1 Bc8 20. h3 Nh5 21. Bh2 Nhf4 22. Bf1 Ne6 23. Rd2 f5 24. Nc3 Nf6 25. Red1 Ng5 26. f3 Be6 27. h4 Nf7 28. Nxg6 Rd7 29. Re1 Bd5 30. Qxf5 e6 31. Qc2 b4 32. axb4 Qb8 33. Bxb8 1-0

[Event "Khanty-Mansiysk Governor Cup Rapid"]
[Site "Khanty-Mansiysk"]
[Date "2023.11.27"]
[Round "7"]
[White "Kezin, Roman"]
[Black "Pingin, Artem"]
[Result "1/2-1/2"]
[WhiteElo "2505"]
[BlackElo "2398"]
[PlyCount "82"]
[EventDate "2023.11.26"]
[EventType "swiss (rapid)"]
[EventRounds "11"]
[EventCountry "RUS"]
[SourceTitle "CB49_2023"]
[SourceDate "2023.12.06"]
[SourceVersion "1"]
[SourceVersionDate "2023.12.06"]
[SourceQuality "1"]

1. d4 Nf6 2. c4 e6 3. Nf3 d5 4. g3 Be7 5. Bg2 0-0 6. 0-0 Nbd7 7. Qc2 c6 8. Nbd2 b6 9. e4 dxc4 10. Nxc4 Bb7 11. Ne3 c5 12. d5 exd5 13. exd5 Nxd5 14. Nxd5 Bxd5 15. Rd1 Be6 16. Ne5 Nxe5 17. Rxd8 Raxd8 18. Bf4 Bf6 19. Be4 g6 20. Re1 Rd4 21. Bxe5 Bxe5 22. Bxg6 hxg6 23. Rxe5 Bh3 24. Re1 Rfd8 25. Qc3 Rd1 26. f3 Be6 27. Rxd1 Rxd1+ 28. Kf2 c4 29. g4 Rd3 30. Qf6 b5 31. h4 Rd5 32. a3 a5 33. Qc3 a4 34. Qf6 Rd2+ 35. Ke1 Rd5 36. Ke2 Kh7 37. Ke1 Kg8 38. Qe7 Kg7 39. Qb4 Kg8 40. Qc3 Rd3 41. Qf6 Rd5 1/2-1/2

[Event "Khanty-Mansiysk Governor Cup Rapid"]
[Site "Khanty-Mansiysk"]
[Date "2023.11.26"]
[Round "2"]
[White "Yusuf, Alexei"]
[Black "Kezin, Roman"]
[Result "0-1"]
[WhiteElo "1915"]
[BlackElo "2505"]
[PlyCount "84"]
[EventDate "2023.11.26"]
[EventType "swiss (rapid)"]
[EventRounds "11"]
[EventCountry "RUS"]
[SourceTitle "CB49_2023"]
[SourceDate "2023.12.06"]
[SourceVersion "1"]
[SourceVersionDate "2023.12.06"]
[SourceQuality "1"]

1. e4 c5 2. a3 Nc6 3. b4 Nf6 4. b5 Nd4 5. c3 Ne6 6. e5 Nd5 7. Bc4 Nb6 8. Bb3 c4 9. Bc2 d6 10. exd6 Qxd6 11. d4 cxd3 12. Qxd3 Qxd3 13. Bxd3 Nc5 14. Bc2 e5 15. Be3 Nc4 16. Bxc5 Bxc5 17. Nf3 f6 18. Nbd2 Nxa3 19. Bb3 Nxb5 20. Ne4 Be7 21. Ba4 Bd7 22. 0-0 Nc7 23. Rfb1 b6 24. Bb3 Bc6 25. Nfd2 a5 26. c4 Bb4 27. c5 bxc5 28. Nd6+ Ke7 29. N2c4 Rhd8 30. Nf5+ Kf8 31. Nfd6 Nb5 32. Ba4 Nxd6 33. Bxc6 Nxc4 34. Bxa8 Rxa8 35. Rd1 Ke7 36. Ra2 Rd8 37. Rc1 Rd2 38. Rxd2 Nxd2 39. f3 c4 40. Kf2 c3 41. Ke3 Nb3 42. Rb1 c2 0-1

[Event "Khanty-Mansiysk Governor Cup 19th"]
[Site "Khanty-Mansiysk"]
[Date "2023.11.24"]
[Round "8"]
[White "Shubin, Kirill"]
[Black "Kezin, Roman"]
[Result "1/2-1/2"]
[WhiteElo "2443"]
[BlackElo "2505"]
[PlyCount "38"]
[EventDate "2023.11.17"]
[EventType "swiss"]
[EventRounds "9"]
[EventCountry "RUS"]
[SourceTitle "CB48_2023"]
[SourceDate "2023.11.29"]
[SourceVersion "1"]
[SourceVersionDate "2023.11.29"]
[SourceQuality "1"]

1. e4 c5 2. Nf3 e6 3. d4 cxd4 4. Nxd4 a6 5. Bd3 Bc5 6. Nb3 Ba7 7. c4 Nc6 8. Qe2 d6 9. Be3 Nf6 10. Bxa7 Rxa7 11. 0-0 0-0 12. Nc3 e5 13. Rad1 Kh8 14. Kh1 Kg8 15. Kg1 Kh8 16. Kh1 Kg8 17. Kg1 Kh8 18. Kh1 Kg8 19. Kg1 Kh8 1/2-1/2